Literatura del siglo XX y Cristianismo IV: la esperanza en Dios nuestro padre

محفوظ في:
التفاصيل البيبلوغرافية
المؤلف الرئيسي: Moeller, Charles
التنسيق: كتاب
اللغة:Undetermined
منشور في: Madrid, España Gredos 1964
الطبعة:2
الموضوعات:
الوسوم: إضافة وسم
لا توجد وسوم, كن أول من يضع وسما على هذه التسجيلة!

MARC

LEADER 00000nam a2200000Ia 4500
008 170316s9999 xx 000 0 und d
090 |a 100 M-51L v.4 
100 |a Moeller, Charles 
245 |a Literatura del siglo XX y Cristianismo IV: la esperanza en Dios nuestro padre 
250 |a 2 
260 |a Madrid, España 
260 |b Gredos 
260 |c 1964 
300 |a 664 páginas Vol.4 
650 |a FILOSOFÍA 
999 |c 17034  |d 17034 
040 |a cru BVZT 
942 |c 15 D  |h 100 M-51L v.4  |2 z